Personnages d'Emily in Paris - Mort subite - Statistiques

Statistiques générales
  • Ce quiz a été pris 219 fois
    179 depuis la dernière actualisation
  • Le résultat moyen est 6 sur 11
Answers on the Grid
Answers color-coded by a green-red scale on the quiz's grid according to % correct below.
Emily
Emilia
Emile
Alfie
Camille
Gabriel
Gabin
Luc
Lucien
Mindy
Manda
Marcello
Madeline
Madeleine
Antoine
Anthony
Sylvie
Charlie
Laurent
Yves
 
Statistiques - réponses
Réponse % Correct
Luc
69%
Sylvie
69%
Alfie
67%
Emily
67%
Gabriel
64%
Mindy
59%
Camille
53%
Laurent
53%
Marcello
51%
Antoine
48%
Madeline
24%
Aucun quiz correspondant
Distribution des résultats
% des personnes avec chaque résultat
Percentile par nombre de réponses
Votre historique - résultats
Vous n’avez pas pris ce quiz depuis la dernière actualisation